Manažérske zmluvy v pracovnom a obchodnom práve

Vzťah manažérskej zmluvy k pracovnému právu. Manažérske zmluvy ako pracovné zmluvy, zakladajúce pracovný pomer. Súbeh pracovnej zmluvy s manažérskou zmluvou. Manažérska zmluva ako zmluvný typ obchodného práva.

Gespeichert in:
Bibliographische Detailangaben
1. Verfasser: Barancová, Helena
Format: Buchkapitel
Sprache:Slowakisch
Schlagworte:
Tags: Tag hinzufügen
Keine Tags, Fügen Sie das erste Tag hinzu!

MARC

LEADER 00000naa a2200000 4500
001 r034407
005 20230919114153.5
041 0 |a slo 
044 |a SK 
245 1 0 |a Manažérske zmluvy v pracovnom a obchodnom práve  |c Helena Barancová 
520 |a Vzťah manažérskej zmluvy k pracovnému právu. Manažérske zmluvy ako pracovné zmluvy, zakladajúce pracovný pomer. Súbeh pracovnej zmluvy s manažérskou zmluvou. Manažérska zmluva ako zmluvný typ obchodného práva. 
610 2 0 |a právo obchodné 
610 2 0 |a právo pracovné 
610 2 0 |a zmluvy 
610 2 0 |a predpisy pracovnoprávne 
610 2 0 |a manažéri 
610 2 0 |a zmluvy pracovné 
610 2 0 |a zákonník práce 
610 2 0 |a Slovensko 
100 1 |a Barancová, Helena